| 000 | 00482nam a22001937a 4500 | ||
|---|---|---|---|
| 003 | NUST - PNEC | ||
| 005 | 20170116180814.0 | ||
| 008 | 150518b xxu||||| |||| 00| 0 eng d | ||
| 020 | _a- | ||
| 040 | _cLIBRARY | ||
| 082 | _a500 GAR | ||
| 100 |
_93554 _a Garg, Rajeev, |
||
| 245 |
_a Science quiz book _c Rajeev Garg. |
||
| 250 | _a9th ed . | ||
| 260 |
_aIndia: _bNew Delhi, _cc 1992. |
||
| 300 | _a111 p . : | ||
| 650 |
_93555 _a Science quiz book. _xScience |
||
| 942 |
_2ddc _cBK |
||
| 999 |
_c63476 _d63476 |
||